| 000 | 00794cam a2200265 a 4500 | ||
|---|---|---|---|
| 001 | 15361 | ||
| 003 | BD-RjUL | ||
| 005 | 20211208235812.0 | ||
| 008 | 140210s1981 ii a b 000 0 eng d | ||
| 020 | _c: IRs. 60.00 | ||
| 035 | _a(BD-RjUL)15415 | ||
| 040 |
_aDKAGE _beng _cDKAGE _dDLC _dBD-RjUL |
||
| 041 | _aeng | ||
| 082 | 0 | 4 |
_a304.6 _222 _bRAF 1981 |
| 100 | 1 |
_aRaj, Hans , _947731 |
|
| 245 | 1 | 0 |
_aFundamentals of demography : _b(Population studies with special reference to India) / _cHans Raj. |
| 250 | _a2nd rev. & enlarged ed. | ||
| 260 |
_aDelhi : _bSurgeet Publications, _c1981. |
||
| 300 |
_aiv, 400 p. : _bill. ; _c25 cm. |
||
| 600 |
_z _9248659 |
||
| 650 | 0 |
_aDemography. _zIndia _947732 |
|
| 650 | 0 |
_a Population _zIndia _9247004 |
|
| 942 |
_2ddc _cBK |
||
| 999 |
_c15361 _d15361 |
||